000 00540nam a22001817a 4500
005 20240403125521.0
008 240403b |||||||| |||| 00| 0 eng d
020 _a9780471321163
082 _a621.367
_bCAS-I
100 _aCastelli, Vittorio
245 _aImage databases :
_bSearch and retrieval of digital imagery /
_cLawrence D.Bergman
260 _aindia:
_bWiley;
_c2002.
300 _axvi, 589 p. :
_bill;
_c23 cm.
500 _ainclude index.
650 _acomputer science/Database
700 _aLawrence D.Bergman
999 _c35523
_d35523